[Event "Siracusa op 2nd"]
[Site "Siracusa"]
[Date "2007.09.09"]
[Round "9"]
[White "Alaimo, Riccardo"]
[Black "Conti, Silvano"]
[Result "1-0"]
[WhiteElo "2191"]
[BlackElo "1652"]
[PlyCount "57"]
[EventDate "2007.09.02"]
[EventType "swiss"]
[EventRounds "9"]
[EventCountry "ITA"]
[SourceTitle "EXT 2010"]
[Source "ChessBase"]
[SourceDate "2010.11.25"]
[SourceVersion "1"]
[SourceVersionDate "2010.11.25"]
[SourceQuality "1"]

1. e4 e6 2. d4 d5 3. Nc3 Nf6 4. Bg5 Be7 5. e5 Nfd7 6. h4 Bxg5 7. hxg5 Qxg5 8. Qd3 Nc6 9. Nf3 Qe7 10. Rxh7 Rg8 11. 0-0-0 Nb6 12. Qe3 Bd7 13. Ng5 0-0-0 14. f4 f6 15. exf6 Qxf6 16. Be2 Rdf8 17. g3 Nd8 18. b3 Nf7 19. Nxf7 Qxf7 20. Rh5 Qg6 21. Bd3 Qf6 22. Rg5 Rf7 23. Rg6 Qe7 24. Kb2 Kb8 25. Qe5 Qf8 26. f5 Na4+ 27. Nxa4 Bxa4 28. fxe6 Bxb3 29. exf7 1-0

[Event "Siracusa op 2nd"]
[Site "Siracusa"]
[Date "2007.09.08"]
[Round "8"]
[White "Conti, Silvano"]
[Black "Tumino, Andrea"]
[Result "1-0"]
[WhiteElo "1652"]
[BlackElo "1637"]
[PlyCount "41"]
[EventDate "2007.09.02"]
[EventType "swiss"]
[EventRounds "9"]
[EventCountry "ITA"]
[SourceTitle "EXT 2010"]
[Source "ChessBase"]
[SourceDate "2010.11.25"]
[SourceVersion "1"]
[SourceVersionDate "2010.11.25"]
[SourceQuality "1"]

1. e4 c5 2. Nf3 d6 3. d4 cxd4 4. Qxd4 Nc6 5. Bb5 Bd7 6. Bxc6 Bxc6 7. Nc3 Nf6 8. Bg5 e6 9. 0-0-0 Be7 10. Bxf6 gxf6 11. Qd3 Qc7 12. Kb1 0-0-0 13. Nd4 a6 14. Rhe1 Rd7 15. Re2 Rhd8 16. Nxc6 Qxc6 17. Qh3 Rc7 18. Nd5 Rcd7 19. Nxe7+ Rxe7 20. Rd3 d5 21. Rc3 1-0

[Event "Siracusa op"]
[Site "Siracusa"]
[Date "2006.09.26"]
[Round "5"]
[White "Conti, Silvano"]
[Black "Candura, Stefano"]
[Result "0-1"]
[WhiteElo "1628"]
[BlackElo "2022"]
[PlyCount "86"]
[EventDate "2006.09.23"]
[EventType "swiss"]
[EventRounds "9"]
[EventCountry "ITA"]
[SourceTitle "EXT 2011"]
[Source "ChessBase"]
[SourceDate "2010.11.26"]
[SourceVersion "1"]
[SourceVersionDate "2010.11.26"]
[SourceQuality "1"]

1. e4 e6 2. d4 d5 3. Nd2 c5 4. exd5 Qxd5 5. dxc5 Bxc5 6. Qf3 Nf6 7. Bd3 Nc6 8. Ne4 Nxe4 9. Bxe4 Qd6 10. Bxc6+ bxc6 11. Be3 0-0 12. Bxc5 Qxc5 13. c3 Ba6 14. Qe3 Qxe3+ 15. fxe3 Rfd8 16. Nf3 Rd3 17. Kf2 Rad8 18. Rac1 c5 19. Rhe1 f6 20. c4 Bb7 21. Rc2 Be4 22. Ree2 Kf7 23. Nd2 Bg6 24. Nb3 Rxb3 25. axb3 Bxc2 26. Rxc2 Rd3 27. b4 cxb4 28. c5 Ke7 29. Ke2 Rd5 30. Rc4 a5 31. e4 Rg5 32. c6 Kd8 33. Kf3 Kc7 34. b3 Rb5 35. Ke3 Rb6 36. Kd4 Rxc6 37. Rc5 Kb6 38. Rxc6+ Kxc6 39. Kc4 f5 40. exf5 exf5 41. h4 g6 42. g3 Kb6 43. Kd4 Kb5 0-1

[Event "Siracusa op"]
[Site "Siracusa"]
[Date "2006.09.25"]
[Round "3"]
[White "Conti, Silvano"]
[Black "Bottini, Paolo"]
[Result "0-1"]
[WhiteElo "1628"]
[BlackElo "1908"]
[PlyCount "74"]
[EventDate "2006.09.23"]
[EventType "swiss"]
[EventRounds "9"]
[EventCountry "ITA"]
[SourceTitle "EXT 2011"]
[Source "ChessBase"]
[SourceDate "2010.11.26"]
[SourceVersion "1"]
[SourceVersionDate "2010.11.26"]
[SourceQuality "1"]

1. e4 c5 2. Nf3 e6 3. d4 cxd4 4. Nxd4 Nf6 5. Nc3 d6 6. Be2 a6 7. Be3 Be7 8. a4 0-0 9. 0-0 Nc6 10. f4 Qc7 11. Kh1 Bd7 12. Qe1 Rfe8 13. Qg3 Bf8 14. Rad1 Rac8 15. e5 dxe5 16. fxe5 Qxe5 17. Bf4 Qc5 18. Nb3 Qb4 19. Bg5 Nd5 20. Nxd5 exd5 21. Qf3 Be6 22. Bd3 Ne5 23. Bxh7+ Kxh7 24. Qh5+ Kg8 25. Rd4 Rc4 26. Bd2 Qd6 27. Bf4 Bg4 28. Qh4 Rxd4 29. Nxd4 Ng6 30. Qxg4 Qxf4 31. Qd1 Qe4 32. Nf3 Qe2 33. Qc1 Nf4 34. Nh4 Qg4 35. g3 Ne2 36. Qd2 Nxg3+ 37. hxg3 Re2 0-1